000 01051nac a22002897a 4500
001 BR4000025
003 BR-BrBNA
005 20240105112815.0
008 230509b bl.|||m| |||| 00| 0 por d
040 _aBR-BrBNA
_bpor
_cBiblioteca Nacional de Agricultura
072 _aF00; E70
090 _a2140 BR4000025
100 1 _aSilveira, W.
100 1 _aMader Junior, N.
110 1 _aInstituto Nacional do Mate, Rio de Janeiro, GB (Brasil). Div. da Defesa da Producao e Controle do Mercado
245 1 _aRelatorio [Instituto Nacional do Mate; Producao vegetal; Comercializacao; Brasil]
260 3 _aRio de Janeiro, GB (Brasil):
_c1940.
300 _a98 p.
490 _aRelatorio - Instituto Nacional do Mate. Div. da Defesa da Producao e controle do Mercado (Brazil)
_vno. 3
_x
500 _a38 tables; 4 maps, scale 1:50,000 to 1:100,000
650 _aProducao vegetal
650 _aComercializacao
650 _aMate
650 _aIndustria alimenticia
909 _a202312
_bLúcia Elande
_c55
_dLúcia Elande
942 _2AGRIS
_n0
_cMS
999 _c260388
_d260388